<?xml version="1.0" encoding="UTF-8"?>
<collection xmlns="http://www.loc.gov/MARC21/slim">
 <record>
  <leader>02050nam a22002897a 4500</leader>
  <controlfield tag="001">NCT_48636</controlfield>
  <controlfield tag="008">180907b        xxu||||| |||| 00| 0 vie d</controlfield>
  <datafield tag="999" ind1=" " ind2=" ">
   <subfield code="c">2328</subfield>
   <subfield code="d">2328</subfield>
  </datafield>
  <datafield tag="020" ind1=" " ind2=" ">
   <subfield code="a">9786049501999</subfield>
   <subfield code="c">92000</subfield>
  </datafield>
  <datafield tag="082" ind1="0" ind2="4">
   <subfield code="2">23rd ed.</subfield>
   <subfield code="a">333.7924</subfield>
   <subfield code="b">L308</subfield>
  </datafield>
  <datafield tag="100" ind1="1" ind2=" ">
   <subfield code="a">Ông Sử Liệt</subfield>
   <subfield code="e">Chủ biên</subfield>
  </datafield>
  <datafield tag="245" ind1="1" ind2="0">
   <subfield code="a">Năng lượng nguyên tử</subfield>
   <subfield code="c">Ông Sử Liệt (chủ biên); Ngô Nguyên (biên soạn)</subfield>
  </datafield>
  <datafield tag="260" ind1=" " ind2=" ">
   <subfield code="a">H.</subfield>
   <subfield code="b">Bách khoa Hà Nội</subfield>
   <subfield code="c">2017</subfield>
  </datafield>
  <datafield tag="300" ind1=" " ind2=" ">
   <subfield code="a">227 tr.</subfield>
   <subfield code="b">hình vẽ, bảng</subfield>
   <subfield code="c">24cm</subfield>
  </datafield>
  <datafield tag="490" ind1=" " ind2=" ">
   <subfield code="a">Tủ sách : Nguồn năng lượng mới đang vẫy gọi</subfield>
  </datafield>
  <datafield tag="520" ind1="3" ind2=" ">
   <subfield code="a">Sách giới thiệu cơ bản những kiến thức cơ bản và cách thức sử dụng năng lượng hạt nhân một cách dễ hiểu nhất, chú trọng giới thiệu công nghiệp hạt nhân, nhà máy điện hạt nhân, nhiên liệu hạt nhân và cách xử lý chất thải hạt nhân....</subfield>
  </datafield>
  <datafield tag="653" ind1=" " ind2=" ">
   <subfield code="a">Công nghệ kỹ thuật ô tô</subfield>
  </datafield>
  <datafield tag="700" ind1="1" ind2=" ">
   <subfield code="a">Ngô Nguyên</subfield>
   <subfield code="e">Biên soạn</subfield>
  </datafield>
  <datafield tag="700" ind1="1" ind2=" ">
   <subfield code="a">Tống Thị Quỳnh Hoa</subfield>
   <subfield code="e">Biên dịch</subfield>
  </datafield>
  <datafield tag="700" ind1="1" ind2=" ">
   <subfield code="a">Nguyễn Thị Diệu Văn</subfield>
   <subfield code="e">h.đ.</subfield>
  </datafield>
  <datafield tag="942" ind1=" " ind2=" ">
   <subfield code="2">ddc</subfield>
   <subfield code="c">BK</subfield>
  </datafield>
  <datafield tag="952" ind1=" " ind2=" ">
   <subfield code="0">0</subfield>
   <subfield code="1">0</subfield>
   <subfield code="2">ddc</subfield>
   <subfield code="4">0</subfield>
   <subfield code="6">333_792400000000000_L308</subfield>
   <subfield code="7">0</subfield>
   <subfield code="9">13471</subfield>
   <subfield code="a">000001</subfield>
   <subfield code="b">000001</subfield>
   <subfield code="d">2018-09-07</subfield>
   <subfield code="o">333.7924 L308</subfield>
   <subfield code="p">MD.13215</subfield>
   <subfield code="r">2018-09-07</subfield>
   <subfield code="v">92000.00</subfield>
   <subfield code="w">2018-09-07</subfield>
   <subfield code="y">BK</subfield>
  </datafield>
  <datafield tag="952" ind1=" " ind2=" ">
   <subfield code="0">0</subfield>
   <subfield code="1">0</subfield>
   <subfield code="2">ddc</subfield>
   <subfield code="4">0</subfield>
   <subfield code="6">333_792400000000000_L308</subfield>
   <subfield code="7">0</subfield>
   <subfield code="9">13472</subfield>
   <subfield code="a">000001</subfield>
   <subfield code="b">000001</subfield>
   <subfield code="d">2018-09-07</subfield>
   <subfield code="o">333.7924 L308</subfield>
   <subfield code="p">MD.13216</subfield>
   <subfield code="r">2018-09-07</subfield>
   <subfield code="v">92000.00</subfield>
   <subfield code="w">2018-09-07</subfield>
   <subfield code="y">BK</subfield>
  </datafield>
  <datafield tag="952" ind1=" " ind2=" ">
   <subfield code="0">0</subfield>
   <subfield code="1">0</subfield>
   <subfield code="2">ddc</subfield>
   <subfield code="4">0</subfield>
   <subfield code="6">333_792400000000000_L308</subfield>
   <subfield code="7">0</subfield>
   <subfield code="9">13473</subfield>
   <subfield code="a">000001</subfield>
   <subfield code="b">000001</subfield>
   <subfield code="d">2018-09-07</subfield>
   <subfield code="o">333.7924 L308</subfield>
   <subfield code="p">MD.13217</subfield>
   <subfield code="r">2018-09-07</subfield>
   <subfield code="v">92000.00</subfield>
   <subfield code="w">2018-09-07</subfield>
   <subfield code="y">BK</subfield>
  </datafield>
  <datafield tag="952" ind1=" " ind2=" ">
   <subfield code="0">0</subfield>
   <subfield code="1">0</subfield>
   <subfield code="2">ddc</subfield>
   <subfield code="4">0</subfield>
   <subfield code="6">333_792400000000000_L308</subfield>
   <subfield code="7">0</subfield>
   <subfield code="9">13474</subfield>
   <subfield code="a">000001</subfield>
   <subfield code="b">000001</subfield>
   <subfield code="d">2018-09-07</subfield>
   <subfield code="o">333.7924 L308</subfield>
   <subfield code="p">MD.13218</subfield>
   <subfield code="r">2018-09-07</subfield>
   <subfield code="v">92000.00</subfield>
   <subfield code="w">2018-09-07</subfield>
   <subfield code="y">BK</subfield>
  </datafield>
  <datafield tag="952" ind1=" " ind2=" ">
   <subfield code="0">0</subfield>
   <subfield code="1">0</subfield>
   <subfield code="2">ddc</subfield>
   <subfield code="4">0</subfield>
   <subfield code="6">333_792400000000000_L308</subfield>
   <subfield code="7">0</subfield>
   <subfield code="9">13475</subfield>
   <subfield code="a">000001</subfield>
   <subfield code="b">000001</subfield>
   <subfield code="d">2018-09-07</subfield>
   <subfield code="o">333.7924 L308</subfield>
   <subfield code="p">MD.13219</subfield>
   <subfield code="r">2018-09-07</subfield>
   <subfield code="v">92000.00</subfield>
   <subfield code="w">2018-09-07</subfield>
   <subfield code="y">BK</subfield>
  </datafield>
  <datafield tag="980" ind1=" " ind2=" ">
   <subfield code="a">Thư viện Trường Đại học Nam Cần Thơ</subfield>
  </datafield>
 </record>
</collection>
